| 000 | 00543nam a2200181Ia 4500 | ||
|---|---|---|---|
| 003 | GCL | ||
| 008 | 140319s9999 xx 000 0 eng d | ||
| 040 |
_aGCL / _cGCL |
||
| 082 | 0 | 4 |
_a305.6971049742 _bF B |
| 100 | 1 | _aFRIEDMAN, FRANCINE | |
| 245 | 1 | 0 |
_aTHE BOSNIAN MUSLIMS: DENIAL OF A NATION / _cFRIEDMAN, FRANCINE |
| 260 |
_a[S.N] : _bWESTVIEW PRESS ، _c1996 |
||
| 300 | _a288 P | ||
| 650 | 0 | 4 | _aBOSNIA AND HERCEGOVINA - ETHIC |
| 650 | 0 | 4 | _aNATIONALISM - BOSNIA AND HEREGOV |
| 650 | 0 | 4 | _aMUSLIM - BOSNIA AND HERCEGOVINA |
| 942 |
_2ddc _cBK |
||
| 999 |
_c14055 _d14055 |
||